Catálogo

La campana de cristal / (Registro nro. 73127)

Detalles MARC
000 -LEADER
fixed length control field 01526nam a2200385 i 4500
001 - CONTROL NUMBER
control field 73127
003 - CONTROL NUMBER IDENTIFIER
control field Mx-PuUPA
005 - DATE AND TIME OF LATEST TRANSACTION
control field 20251126162931.0
008 - FIXED-LENGTH DATA ELEMENTS--GENERAL INFORMATION
fixed length control field 251126s2022 ||| gr 000 f spa d
020 ## - INTERNATIONAL STANDARD BOOK NUMBER
International Standard Book Number 9786073816137
040 ## - CATALOGING SOURCE
Original cataloging agency Mx-PuUPA
Language of cataloging spa
Transcribing agency Mx-PuUPA
Modifying agency Mx-PuUPA
Description conventions rda
041 1# - LANGUAGE CODE
Language code of text/sound track or separate title spa
Language code of original eng
100 1# - MAIN ENTRY--PERSONAL NAME
Personal name Plath, Sylvia,
Dates associated with a name 1932-1963
9 (RLIN) 17706
Relator term autor
240 14 - UNIFORM TITLE
Uniform title The Bell Jar.
Language of a work Español
245 ## - TITLE STATEMENT
Title La campana de cristal /
Statement of responsibility, etc. Sylvia Plath ; traducción de Eugenia Vázquez Nacarino ; prólogo de Aixa de la Cruz
250 ## - EDITION STATEMENT
Edition statement Primera edición /
Remainder of edition statement julio
264 #1 - PRODUCTION, PUBLICATION, DISTRIBUTION, MANUFACTURE, AND COPYRIGHT NOTICE
Place of production, publication, distribution, manufacture Ciudad de México :
Name of producer, publisher, distributor, manufacturer Debolsillo,
Date of production, publication, distribution, manufacture, or copyright notice 2022
300 ## - PHYSICAL DESCRIPTION
Extent 262 páginas ;
Dimensions 19 cm
336 ## - CONTENT TYPE
Fuente rdacontent
Content type term texto
Content type code txt
337 ## - MEDIA TYPE
Source rdamedia
Media type term sin medio
Media type code n
338 ## - CARRIER TYPE
Source rdacarrier
Carrier type term volumen
Carrier type code nc
500 ## - GENERAL NOTE
General note Reimpresiones: (undécima reimpresión, mayo, 2025 ; décima segunda reimpresión, agosto, 2025).
650 #7 - SUBJECT ADDED ENTRY--TOPICAL TERM
Source of heading or term armarc
Topical term or geographic name entry element Novela psicológica
650 #7 - SUBJECT ADDED ENTRY--TOPICAL TERM
Source of heading or term armarc
Topical term or geographic name entry element Depresión (novela)
650 #7 - SUBJECT ADDED ENTRY--TOPICAL TERM
Source of heading or term armarc
Topical term or geographic name entry element Estudiantes universitarias
Form subdivision Novela
650 #7 - SUBJECT ADDED ENTRY--TOPICAL TERM
Source of heading or term armarc
Topical term or geographic name entry element Comportamiento suicida
Form subdivision Novela
655 ## - INDEX TERM--GENRE/FORM
Genre/form data or focus term Novela psicológica
700 1# - ADDED ENTRY--PERSONAL NAME
Personal name Cruz, Aixa de la,
Relator term prologuista
700 1# - ADDED ENTRY--PERSONAL NAME
Personal name Vázquez Nacarino, Eugenia,
Relator term traductor
765 0# - ORIGINAL LANGUAGE ENTRY
Main entry heading Plath, Sylvia
Title The Bell Jar
Place, publisher, and date of publication [lugar de publicación no identificado] : Faber and Faber, 1966
942 ## - ADDED ENTRY ELEMENTS (KOHA)
Source of classification or shelving scheme Dewey Decimal Classification
Koha item type Libro
Classification part 813.54
Item part P6618
Existencias
Withdrawn status Lost status Source of classification or shelving scheme Damaged status Not for loan Collection code Home library Current library Shelving location Date acquired Source of acquisition Cost, normal purchase price Total Checkouts Full call number Barcode Date last seen Date last checked out Cost, replacement price Price effective from Koha item type
    Dewey Decimal Classification     General Biblioteca Karol Wojtyla Biblioteca Karol Wojtyla Sala general 11/11/2025 1 212.00 1 813.54 P6618 2022 106158 09/02/2026 26/01/2026 212.00 11/11/2025 Libro